[Event "Jamshedpur Abled op 4th"]
[Site "Jamshedpur"]
[Date "2024.06.25"]
[Round "2"]
[White "Jena, Rajesh Kumar"]
[Black "Naveen, Kumar A1"]
[Result "0-1"]
[WhiteElo "1508"]
[BlackElo "1986"]
[PlyCount "126"]
[EventDate "2024.06.25"]
[EventType "swiss"]
[EventRounds "9"]
[EventCountry "IND"]
[SourceTitle "EXT 2025"]
[Source "ChessBase"]
[SourceDate "2024.10.14"]
[SourceVersion "1"]
[SourceVersionDate "2024.10.14"]
[SourceQuality "1"]

1. e4 c6 2. c4 e6 3. d4 d5 4. exd5 exd5 5. cxd5 Qxd5 6. Nf3 Nf6 7. a3 Bg4 8. Be2 Bd6 9. 0-0 0-0 10. h3 Bxf3 11. Bxf3 Qa5 12. Bd2 Qc7 13. Re1 Nbd7 14. Nc3 Qb6 15. Bc1 Rfe8 16. Rxe8+ Rxe8 17. b4 a5 18. Rb1 axb4 19. axb4 Qxd4 20. Bd2 Bg3 21. Be3 Qxc3 22. Bd4 Qc4 23. fxg3 Ne5 24. Bh5 g6 25. Bxe5 Rxe5 26. Bf3 Re8 27. h4 Nd5 28. Qd2 Kg7 29. h5 h6 30. hxg6 fxg6 31. b5 Qc5+ 32. Kh2 Qc3 33. Qf2 Rf8 34. bxc6 bxc6 35. Rb7+ Kh8 36. Qe2 Qe3 37. Qb2+ Qc3 38. Qb1 Qf6 39. Qc1 g5 40. Qc2 Qf5 41. Qxc6 Nf6 42. Rb5 Qd3 43. Qc5 Kg7 44. Ra5 g4 45. Bc6 Rf7 46. Bb5 Qd8 47. Bc4 Rc7 48. Qb6 Qe7 49. Rf5 Rxc4 50. Ra5 Rc7 51. Ra6 Rd7 52. Qb2 Qf7 53. Ra5 Rd5 54. Rxd5 Qxd5 55. Qc2 Ne4 56. Qc7+ Kg6 57. Qc8 Qh5+ 58. Kg1 Qc5+ 59. Qxc5 Nxc5 60. Kf2 Kf5 61. Ke3 Ne4 62. Ke2 Nxg3+ 63. Kf2 Ke5 0-1